Any Man of Mine - Shania Twain - Full Lyrics - Statistics

General Stats
  • This quiz has been taken 46 times
  • The average score is 249 of 363
Answer Stats
Answer % Correct
a
100%
A
100%
Any
100%
any
100%
(Any
100%
man
100%
man,
100%
man)
100%
be
95%
me
95%
mine
95%
mine,
95%
of
95%
who
95%
better
91%
Better
91%
I
91%
that
91%
that,
91%
the
91%
when
91%
When
91%
he
86%
line
86%
walk
86%
hear
82%
it
82%
time
82%
what
82%
like
77%
say
77%
say,
77%
then
77%
"Yeah,
77%
yeah
77%
yeah"
77%
yeah,
77%
And
73%
and
73%
But
73%
him
73%
if
73%
If
73%
I'm
73%
is
73%
on
73%
proud
73%
way!"
73%
can
68%
Even
68%
for
68%
goes
68%
love
68%
still
68%
story
68%
than
68%
that's
68%
woman
68%
how
64%
kind
64%
late
64%
my
64%
This
64%
wanna
64%
wants
64%
change
59%
date,
59%
dress
59%
fine
59%
just
59%
knows
59%
mind
59%
ugly,
59%
you
59%
You
59%
do
55%
gotta
55%
little
55%
million
55%
need
55%
tight
55%
times
55%
to
55%
too
55%
He's
50%
show
50%
another
45%
cook
45%
disagree
45%
fits
45%
he'd
45%
He'd
45%
kinda
45%
looking
45%
pleasin',
45%
squeezin',
45%
burn
41%
last
41%
right
41%
teasin',
41%
teasin'
41%
year's
41%
black
36%
Let
36%
woman's
36%
Breathtakin',
32%
breathtakin',
32%
dinner
32%
hair
32%
have
32%
okay
32%
or
32%
anything
27%
bad
27%
day
27%
earth
27%
"Mmm,
27%
take
27%
treatin'
27%
treatin',
27%
break
23%
can't
23%
Come
23%
earthquakin'
23%
Make
23%
Well,
23%
your
23%
back
18%
boots
18%
heartbeatin',
18%
Keep
18%
movin'
18%
shake
18%
stomp,
18%
anymore
14%
do-si-do
14%
everybody
14%
floor
14%
Heel
14%
jump
14%
mine'll
14%
quake
14%
shimmy
14%
'Til
14%
'til
14%
toe,
14%
turn,
14%
ache
9%
feet
9%
Kick,
9%
two,
9%
Hup
5%
No matching quizzes found
Score Distribution
Percent of People with Each Score
Percentile by Number Answered
Your Score History
You have not taken this quiz